000 00763nam a2200205 i 4500
001 26946
003 ES-MaACL
005 20230906153529.0
007 t|
008 030113s1955 sp ||||1| spa d
100 1 _aAsensio Amor, Isidoro.
_923585
245 1 0 _aDifracción de Rayos X
_b: aplicaciones analíticas en la investigación científica e industrial /
_cIsidoro Asensio Amor ; prólogo de José Luis Amorós Portolés.
260 _aMadrid :
_bAguilar,
_c1955 (
_fMinerva)
300 _aXVI, 161 p. :
_bil. ;
_c18 cm.
490 1 _aPublicación de la Universidad de Madrid
700 0 _aAmorós, José Luis.
_921315
830 0 _aPublicación de la Universidad de Madrid
_9229190
852 _aES-MaACL
_jC-10655
_bR.37738
999 _c26946
_d26946